Normal view
MARC view
- إعداد الجمال، عبد النبي؛ تقديم كمال درويش
Entry Personal Name
001 - CONTROL NUMBER
- control field: 36317
003 - CONTROL NUMBER IDENTIFIER
- control field: JO-AjAnu
005 - DATE AND TIME OF LATEST TRANSACTION
- control field: 20230606080050.0
008 - FIXED-LENGTH DATA ELEMENTS
- fixed length control field: 230606|| aca||aabn | a|a d
040 ## - CATALOGING SOURCE
- Original cataloging agency: JO-AjAnu
- Transcribing agency: JO-AjAnu
100 ## - HEADING--PERSONAL NAME
- Personal name: إعداد الجمال، عبد النبي؛ تقديم كمال درويش
670 ## - SOURCE DATA FOUND
- Source citation: Work cat.: (JO-AjAnu)18645: إعداد الجمال، عبد النبي؛ تقديم كمال درويش, author, الموسوعة العربية للتنس: الأخطاء الشائعة وكيفية تصحيحها، الجزء الثالث